<?xml version="1.0" encoding="UTF-8"?><?xml-stylesheet type="text/xsl" href="static/style.xsl"?><OAI-PMH xmlns="http://www.openarchives.org/OAI/2.0/" xmlns:xsi="http://www.w3.org/2001/XMLSchema-instance" xsi:schemaLocation="http://www.openarchives.org/OAI/2.0/ http://www.openarchives.org/OAI/2.0/OAI-PMH.xsd"><responseDate>2026-04-17T16:17:09Z</responseDate><request verb="GetRecord" identifier="oai:www.recercat.cat:10459.1/58640" metadataPrefix="marc">https://recercat.cat/oai/request</request><GetRecord><record><header><identifier>oai:recercat.cat:10459.1/58640</identifier><datestamp>2024-12-05T22:13:35Z</datestamp><setSpec>com_2072_3622</setSpec><setSpec>col_2072_479130</setSpec></header><metadata><record xmlns="http://www.loc.gov/MARC21/slim" xmlns:dcterms="http://purl.org/dc/terms/" xmlns:xsi="http://www.w3.org/2001/XMLSchema-instance" xmlns:doc="http://www.lyncode.com/xoai" xsi:schemaLocation="http://www.loc.gov/MARC21/slim http://www.loc.gov/standards/marcxml/schema/MARC21slim.xsd">
   <leader>00925njm 22002777a 4500</leader>
   <datafield ind2=" " ind1=" " tag="042">
      <subfield code="a">dc</subfield>
   </datafield>
   <datafield ind2=" " ind1=" " tag="720">
      <subfield code="a">Coronel, María Bernarda</subfield>
      <subfield code="e">author</subfield>
   </datafield>
   <datafield ind2=" " ind1=" " tag="720">
      <subfield code="a">Marín Sillué, Sònia</subfield>
      <subfield code="e">author</subfield>
   </datafield>
   <datafield ind2=" " ind1=" " tag="720">
      <subfield code="a">Tarragó Garriga, Margarita</subfield>
      <subfield code="e">author</subfield>
   </datafield>
   <datafield ind2=" " ind1=" " tag="720">
      <subfield code="a">Cano Sancho, German</subfield>
      <subfield code="e">author</subfield>
   </datafield>
   <datafield ind2=" " ind1=" " tag="720">
      <subfield code="a">Ramos Girona, Antonio J.</subfield>
      <subfield code="e">author</subfield>
   </datafield>
   <datafield ind2=" " ind1=" " tag="720">
      <subfield code="a">Sanchís Almenar, Vicente</subfield>
      <subfield code="e">author</subfield>
   </datafield>
   <datafield ind2=" " ind1=" " tag="260">
      <subfield code="c">2016-11-24T09:59:21Z</subfield>
   </datafield>
   <datafield ind2=" " ind1=" " tag="260">
      <subfield code="c">2025-01-01</subfield>
   </datafield>
   <datafield ind2=" " ind1=" " tag="260">
      <subfield code="c">2011</subfield>
   </datafield>
   <datafield ind2=" " ind1=" " tag="520">
      <subfield code="a">Ochratoxin A (OTA) as well as its metabolite ochratoxin α (OTα) were detected in human urine in order to assess the exposure to OTA of a group of 72 adult inhabitants of the city of Lleida (Spain). Urine samples were enzymatically treated; OTA and OTα were separated by liquid–liquid extraction, and detected by HPLC-fluorescence. Exposure to OTA was also evaluated by the estimation of its daily intake from food contamination data from the literature and from food consumption data provided by the participants, who filled in a food frequency questionnaire (FFQ) and a three-day food consumption record (3DR). OTA occurrence (12.5%, limit of detection = 0.034 ng/mL) was lower than OTα occurrence (61.1%, limit of detection = 0.023 ng/mL). The range of concentrations was 0.057–0.562 ng/mL and 0.056–2.894 ng/mL for OTA and for OTα, respectively. It could be observed for positive samples that the FFQ data were related to the OTA concentration in urine, whereas the 3DR data were related to the OTα levels in urine. The OTA estimated daily intake of the participants was lower than 30% of the latest provisional tolerable daily intake of 14 ng/kg body weight/day in the worst cases of exposure.</subfield>
   </datafield>
   <datafield ind2=" " ind1=" " tag="520">
      <subfield code="a">This work was supported by the Spanish Government (CICYT, Comisión Interministerial de Ciencia y Tecnología) through the Project AGL 2008-05030-C02-01. The authors also thank the Catalonian Food Safety Agency of “Generalitat de Catalunya” Health Department for funding this work in the framework of a safety programme to assess the exposition of Catalonian population to mycotoxins. M. B. Coronel thanks the Comissionat per a Universitats i Recerca del Departament d´Innovació, Universitats i Empresa of the Generalitat de Catalunya (Spain) and the European Social Fund for the predoctoral grant.</subfield>
   </datafield>
   <datafield ind1="8" ind2=" " tag="024">
      <subfield code="a">http://hdl.handle.net/10459.1/58640</subfield>
   </datafield>
   <datafield tag="653" ind2=" " ind1=" ">
      <subfield code="a">Ochratoxin A</subfield>
   </datafield>
   <datafield tag="653" ind2=" " ind1=" ">
      <subfield code="a">Ochratoxin α</subfield>
   </datafield>
   <datafield tag="653" ind2=" " ind1=" ">
      <subfield code="a">Human urine</subfield>
   </datafield>
   <datafield tag="653" ind2=" " ind1=" ">
      <subfield code="a">Daily intake</subfield>
   </datafield>
   <datafield ind2="0" ind1="0" tag="245">
      <subfield code="a">Ochratoxin A and its metabolite ochratoxin alpha in urine and assessment of the exposure of inhabitants of Lleida, Spain</subfield>
   </datafield>
</record></metadata></record></GetRecord></OAI-PMH>